000 00448pab a2200169 454500
008 180718b1988 xxu||||| |||| 00| 0 eng d
100 _aRam Jas
245 _aImpact of trade unions on productivity - A review of empirical evidence
260 _c1988
300 _ap.1060-1072.
362 _aOct-Dec
650 _aTrade unions
650 _aLabour unions
773 _aIndian Journal of Public Administration
908 _aN
909 _a11979
999 _c11979
_d11979